000 00761nam a2200193 i 4500
001 182473
003 ES-MaACL
005 20230906221623.0
007 t|
008 130819s1839 sp ||||1| spa d
080 _a5:061.22(460.27 M.)
110 2 _aAcademia de Ciencias Naturales (Madrid)
_9143767
245 1 0 _aResumen de las actas de la Real Academia de Ciencias de Madrid en el año académico de 1837 a 1838, leído en la sesión pública del día 19 de octubre /
_cpor el secretario perpetuo... Mariano Lorente.
260 _aMadrid :
_b[s.n.],
_c1839 (
_fImp. Nacional)
300 _a76 p. ;
_c18 cm.
610 2 4 _aAcademia de Ciencias Naturales (Madrid)-
_vMemorias.
_9143768
700 1 _aLorente, Mariano.
_974107
852 4 _aES-MaACL
_jT-23-F-10
999 _c182473
_d182473